El pragmatismo americano (Record no. 110677)
[ view plain ]
| 000 -LEADER | |
|---|---|
| campo de control de longitud fija | 00804nam a2200241 i 4500 |
| 001 - NÚMERO DE CONTROL | |
| campo de control | 110677 |
| 003 - IDENTIFICADOR DE NÚMERO DE CONTROL | |
| campo de control | ES-MaACL |
| 005 - FECHA Y HORA DE LA ÚLTIMA TRANSACCIÓN | |
| campo de control | 20231216062908.0 |
| 007 - CAMPO FIJO DE DESCRIPCIÓN FÍSICA--INFORMACIÓN GENERAL | |
| campo de control de longitud fija | t| |
| 008 - DATOS DE LONGITUD FIJA--INFORMACIÓN GENERAL | |
| campo de control de longitud fija | 070118s1988 sp ||||1| spa d |
| 020 ## - NÚMERO INTERNACIONAL ESTÁNDAR DEL LIBRO | |
| Número Internacional Estándar del Libro | 84-7046-462-0 |
| 080 ## - NÚMERO DE LA CLASIFICACIÓN DECIMAL UNIVERSAL | |
| Número de la Clasificación Decimal Universal | 165.74(73) |
| 100 1# - ENTRADA PRINCIPAL--NOMBRE DE PERSONA | |
| Nombre de persona | Pérez de Tudela Velasco, Jorge, |
| Fechas asociadas al nombre | 1955- |
| 9 (RLIN) | 90809 |
| 245 13 - MENCIÓN DEL TÍTULO | |
| Título | El pragmatismo americano |
| Resto del título | : acción racional y reconstrucción del sentido / |
| Mención de responsabilidad, etc. | Jorge Pérez de Tudela. |
| 260 ## - PUBLICACIÓN, DISTRIBUCIÓN, ETC. | |
| Lugar de publicación, distribución, etc. | Madrid : |
| Nombre del editor, distribuidor, etc. | Cincel, |
| Fecha de publicación, distribución, etc. | 1988. |
| 300 ## - DESCRIPCIÓN FÍSICA | |
| Extensión | 234 p. : |
| Otras características físicas | il. ; |
| Dimensiones | 19 cm. |
| 490 1# - MENCIÓN DE SERIE | |
| Mención de serie | Historia de la filosofía ; |
| Designación de volumen o secuencia | 42 |
| 504 ## - NOTA DE BIBLIOGRAFÍA, ETC. | |
| Nota de bibliografía, etc. | Bibliografía: p. 227-234. Indice. |
| 650 14 - PUNTO DE ACCESO ADICIONAL DE MATERIA--TÉRMINO DE MATERIA | |
| Término de materia o nombre geográfico como elemento de entrada | Pragmatismo- |
| Subdivisión geográfica | Estados Unidos. |
| 9 (RLIN) | 16337 |
| 830 0# - PUNTO DE ACCESO ADICIONAL DE SERIE-TÍTULO UNIFORME | |
| Título uniforme | Historia de la filosofía ; |
| Designación de volumen o secuencia | 42 |
| 9 (RLIN) | 181726 |
| 852 ## - LOCALIZACIÓN | |
| Ubicación | ES-MaACL |
| Número de control de estantería | L-15609 |
| Estatus retirado | Estado de pérdida | Estado de daño | No para préstamo | Biblioteca de origen | Biblioteca actual | Ubicación en estantería | Fecha de adquisición | Fuente de adquisición | Total de préstamos | Signatura topográfica completa | Código de barras | Visto por última vez | Precio de reemplazo | Tipo de ítem Koha |
|---|---|---|---|---|---|---|---|---|---|---|---|---|---|---|
| Biblioteca del Ateneo de Madrid | Biblioteca del Ateneo de Madrid | Depósito 2 | 17/01/2008 | L-15609 | 1115472 | 23/02/2023 | 23/02/2023 | Libro impreso |
